Codi deontològic dels arxivers catalans : aprovat per l'Assemblea General de l'Associació d'Arxivers de Catalunya celebrada a Barcelona el 27 de juny de 2002 aprovat per l'Assemblea General de l'Associació d'Arxivers de Catalunya celebrada a Barcelona el 27 de juny de 2002
Descripción Física:
22 p. ; 21 cm
MARC
| LEADER | 00000nam a2200000Ia 4500 | ||
|---|---|---|---|
| 001 | 15001 | ||
| 008 | 160829s2002 xx 000 0 cat d | ||
| 080 | |a FU-33-5 | ||
| 110 | 2 | |a Associació d'Arxivers de Catalunya |9 52966 | |
| 245 | |a Codi deontològic dels arxivers catalans : |b aprovat per l'Assemblea General de l'Associació d'Arxivers de Catalunya celebrada a Barcelona el 27 de juny de 2002 | ||
| 260 | |a Barcelona : |b l'Associació, |c 2002 | ||
| 300 | |a 22 p. ; |c 21 cm | ||
| 490 | |a Textos / Associació d'Arxivers de Catalunya ; 1 | ||
| 650 | |a Associació d'Arxivers de Catalunya |x Codi deontològic |9 24078 | ||
| 650 | |a Arxivers |x Ètica professional |x Catalunya |9 24079 | ||
| 901 | |a Arxiu | ||
| 942 | |n 1 | ||
| 952 | |0 0 |1 0 |4 0 |6 FU335 |7 1 |9 42966 |a Arxiu |b Arxiu |d 2016-12-01 |l 0 |o FU-33-5 |p 15001 |r 2016-12-01 00:00:00 |w 2016-12-01 |y ARXIU | ||
| 999 | |c 45509 |d 45509 | ||